Wszystkie stany Stanów Zjednoczonych Ameryki - Statystyki

Ogólne statystyki
  • Ten quiz został rozwiązany 86 razy
  • Średni wynik to 27 z 50
Statystyki odpowiedzi
Odpowiedź % Poprawnych
Nowy Jork
91%
Alaska
89%
Kalifornia
87%
Floryda
83%
Arizona
78%
Teksas
76%
Alabama
72%
Hawaje
70%
Ohio
70%
Nowy Meksyk
69%
Waszyngton
69%
Dakota Północna
63%
Kolorado
63%
Dakota Południowa
59%
Karolina Północna
59%
Missisipi
59%
Nevada
59%
Karolina Południowa
57%
Pensylwania
56%
Utah
56%
Arkansas
54%
New Jersey
54%
Georgia
52%
Indiana
52%
Oklahoma
52%
Wirginia
52%
Kentucky
50%
Luizjana
50%
Maine
50%
Delaware
48%
Idaho
48%
Illinois
48%
Montana
48%
Iowa
46%
Kansas
46%
Minnesota
46%
Nebraska
46%
Connecticut
44%
Michigan
44%
Massachusetts
43%
Missouri
43%
Oregon
41%
Vermont
39%
Wyoming
33%
Maryland
31%
New Hampshire
31%
Rhode Island
31%
Wirginia Zachodnia
31%
Wisconsin
31%
Tennessee
28%
Nie znaleziono quizów pasujących do podanych kryteriów
Rozkład punktacji
Procent ludzi z każdym wynikiem
Percentyl według liczby udzielonych odpowiedzi
Twoja historia wyników
Nie rozwiązałeś tego quizu